Society in India (A) (Record no. 4698)

MARC details
000 -LEADER
fixed length control field 00612cam a2200229ua 4500
008 - FIXED-LENGTH DATA ELEMENTS--GENERAL INFORMATION
fixed length control field 171111n ii |||gr||||Z||||||asm
020 ## - INTERNATIONAL STANDARD BOOK NUMBER
International Standard Book Number 978-81-922765-1-9
040 ## - CATALOGING SOURCE
Transcribing agency MAIN
041 ## - LANGUAGE CODE
-- asm
082 ## - DEWEY DECIMAL CLASSIFICATION NUMBER
Classification number 301.0954
245 ## - TITLE STATEMENT
Title Society in India (A)
Statement of responsibility, etc. By Prabhas Kumar Bora and others
250 ## - EDITION STATEMENT
Edition statement 1st. ed.
260 ## - PUBLICATION, DISTRIBUTION, ETC.
Place of publication, distribution, etc. Jorhat:
Name of publisher, distributor, etc. Grantha Sanskriti,
Date of publication, distribution, etc. 2012.
300 ## - PHYSICAL DESCRIPTION
Extent x,160p.
700 ## - ADDED ENTRY--PERSONAL NAME
Personal name Bora,Prabhas Kumar.,
Relator term
700 ## - ADDED ENTRY--PERSONAL NAME
Personal name Hazarika, Ganesh,
Relator term
700 ## - ADDED ENTRY--PERSONAL NAME
Personal name Chaliha, Rasmita,
Relator term
942 ## - ADDED ENTRY ELEMENTS (KOHA)
Koha item type Books
653 ## - INDEX TERM--UNCONTROLLED
Uncontrolled term Sociology
653 ## - INDEX TERM--UNCONTROLLED
Uncontrolled term Bharotio Samaj Bebostha
Holdings
Withdrawn status Lost status Damaged status Not for loan Home library Current library Shelving location Date acquired Total Checkouts Full call number Barcode Date last seen Date last checked out Copy number Price effective from Koha item type
        Central Library, Naharkatiya College Central Library, Naharkatiya College General Stacks 19/09/2020 1 301.0954 | BOR 21083 14/08/2024 25/06/2024 1 19/09/2020 Books
        Central Library, Naharkatiya College Central Library, Naharkatiya College General Stacks 19/09/2020 1 301.0954 | BOR 21084 31/08/2022 25/08/2022 3 19/09/2020 Books
        Central Library, Naharkatiya College Central Library, Naharkatiya College General Stacks 19/09/2020 2 301.0954 | BOR 21085 20/02/2026 20/02/2026 2 19/09/2020 Books
        Central Library, Naharkatiya College Central Library, Naharkatiya College General Stacks 19/09/2020   301.0954 | BOR 24202 18/03/2021   4 19/09/2020 Books
        Central Library, Naharkatiya College Central Library, Naharkatiya College General Stacks 19/09/2020 10 301.0954 | BOR 24203 20/02/2026 20/02/2026 5 19/09/2020 Books

Naharkatiya College © 2020. All rights reserved.

Powered By